000
00218nam a2200097Ia 4500
005
20251222114414.0
008
251222s1900||||xx |||||||||||||| ||spa||
082
_a
DVD0092/K41/2005
245
0
_a
Tierra Santa:
942
_c
DVD
999
_c
2165
_d
2165